postacie z breaking bad (łamać zło) - Statystyki

Ogólne statystyki
  • Ten quiz został rozwiązany 658 razy
  • Średni wynik to 8 z 12
Statystyki odpowiedzi
Hint Odpowiedź % Poprawnych
nauczyciel chemii Włodzimiesz Biały
99%
syn z autyzmem Włodzimiesz Mały Biały
86%
prawnik Szaweł Dobryczłowiek (prawo marcina)
81%
żona nauczyciela Skajlar Biały
74%
właściciel los polos hermanos Sus Frędzel
72%
ćpun Jeremiesz Różowyczłowiek
67%
dziadek nie może się ruszyć Hektor Salamanka
65%
agent przeciw narkotykom Hank Niszczarka
59%
borsuk ćpun Borsuk
57%
psychol dilujący narkotykami Tako Salamanka
56%
dziadek agent Michael Ehrmantraut
54%
chudy ćpun Chudy Piotrek
53%
Nie znaleziono quizów pasujących do podanych kryteriów
Rozkład punktacji
Procent ludzi z każdym wynikiem
Percentyl według liczby udzielonych odpowiedzi
Twoja historia wyników
Nie rozwiązałeś tego quizu